Practical Medicine (Record no. 20911)

MARC details
000 -LEADER
fixed length control field 00345nam a22001577a 4500
003 - CONTROL NUMBER IDENTIFIER
control field SGT
020 ## - INTERNATIONAL STANDARD BOOK NUMBER
International Standard Book Number 9788190704625
082 ## - DEWEY DECIMAL CLASSIFICATION NUMBER
Classification number 610
Item number P20M
100 ## - MAIN ENTRY--PERSONAL NAME
Personal name MEHTA P.J.
245 ## - TITLE STATEMENT
Title Practical Medicine
250 ## - EDITION STATEMENT
Edition statement 2ND
260 ## - PUBLICATION, DISTRIBUTION, ETC. (IMPRINT)
Place of publication, distribution, etc NEW DELHI
Name of publisher, distributor, etc THE NATIONAL BOOK DEPOT
Year of Publication 2020
300 ## - PAGE DESCRIPTION
No. of Pages 1-634
650 ## - SUBJECT ADDED ENTRY--TOPICAL TERM
Topical term or geographic name as entry element MEDICINE
942 ## - ADDED ENTRY ELEMENTS (KOHA)
Source of classification or shelving scheme Dewey Decimal Classification
Koha item type Books
942 ## - ADDED ENTRY ELEMENTS (KOHA)
-- 94
Holdings
Withdrawn status Lost status Source of classification or shelving scheme Damaged status Not for loan Home library Current library Shelving location Date acquired Vendor Name Cost, normal purchase price SGTU Bill Number Total Checkouts Full call number Accession No. (Barcode) Date last seen Date last borrowed Bill Date Koha item type Total Renewals
    Dewey Decimal Classification     SGT Dental Library SGT Dental Library Text Book 06/03/2021 AHUJA BOOK COMPANY 895.00 SGTU 12616 53 610 P20M FD8307 09/03/2026 24/02/2026 27/01/2021 Books  
    Dewey Decimal Classification     SGT Dental Library SGT Dental Library Text Book 06/03/2021 AHUJA BOOK COMPANY 895.00 SGTU 12616 54 610 P20M FD8308 31/03/2026 31/03/2026 27/01/2021 Books 1
    Dewey Decimal Classification     SGT Dental Library SGT Dental Library Text Book 06/03/2021 AHUJA BOOK COMPANY 895.00 SGTU 12616 40 610 P20M FD8309 31/03/2026 31/03/2026 27/01/2021 Books 1